00733nam a2200205 i 4500001000700000003000900007005001700016008004100033080001000074100002800084245016000112260003700272300003600309490005200345650002100397700001500418700002100433830005200454852002100506183262ES-MaACL20230906221840.0140204s1958 sp |||| | spa d a536.71 aPorter, Alfred William.10aTermodinámica / cpor Alfred W. Porter... ; con dos apéndices nuevos por W. Wilson... ; traducida de la cuarta edición inglesa por J. Figuera Andú. a[Madrid : bS.A.E.T.A., c1958?] a137 p., 3 h. : bil. ; c17 cm.1 aMonografías Methuen's sobre temas de física 4aTermodinámica.1 aWilson, W.0 aFiguera Andu, J.0 aMonografías Methuen's sobre temas de física aES-MaACLjE-5195